[Event "2. Bundesliga West 2015/16"]
[Site "Servus Europa Wals"]
[Date "2016.03.04"]
[Round "9"]
[Board "1"]
[White "Krivoborodov, Egor"]
[Black "Quintero Ortega, Carlos"]
[Result "1-0"]
[WhiteElo "2522"]
[BlackElo "2190"]
[PlyCount "43"]
[EventDate "2015.10.16"]
[EventType "team"]
[EventRounds "11"]
[EventCountry "AUT"]
[WhiteTeam "ASK Salzburg"]
[BlackTeam "Goetzis 2"]

1. Nf3 d5 2. g3 c6 3. Bg2 Bg4 4. O-O Nd7 5. d3 e6 6. Nbd2 Bd6 7. h3 Bh5 8. e4
Ne7 9. b3 O-O 10. Bb2 e5 11. Qe2 d4 12. g4 Bg6 13. Nh4 Nc5 14. f4 exf4 15. Bxd4
Ne6 16. Bb2 Bc5+ 17. Kh1 Nd4 18. Qd1 Nd5 19. exd5 Qxh4 20. Bxd4 Bxd4 21. Nf3
Qf6 22. g5 1-0

[Event "2. Bundesliga West 2015/16"]
[Site "Servus Europa Wals"]
[Date "2016.03.04"]
[Round "9"]
[Board "2"]
[White "Gauss, Gustav"]
[Black "Harringer, Franz"]
[Result "1-0"]
[WhiteElo "2182"]
[BlackElo "2239"]
[PlyCount "125"]
[EventDate "2015.10.16"]
[EventType "team"]
[EventRounds "11"]
[EventCountry "AUT"]
[WhiteTeam "Goetzis 2"]
[BlackTeam "ASK Salzburg"]

1. d4 Nf6 2. Nf3 g6 3. Bf4 Bg7 4. e3 O-O 5. Be2 d6 6. O-O b6 7. c4 c5 8. Nc3
Bb7 9. d5 Na6 10. h3 Nc7 11. a4 a6 12. e4 Nd7 13. Qd2 Re8 14. Bd3 e5 15. Bh6
Nf6 16. Nh2 Nh5 17. Ne2 b5 18. b3 Bc8 19. Bxg7 Kxg7 20. axb5 Rb8 21. bxa6 Nxa6
22. g4 Nf4 23. Nxf4 exf4 24. Qc3+ Qf6 25. Rfc1 Nb4 26. Bb1 h5 27. Kg2 Re5 28.
Nf3 hxg4 29. hxg4 Bxg4 30. Nxe5 f3+ 31. Nxf3 Bxf3+ 32. Kg3 Qxc3 33. Rxc3 Bh5
34. f4 Kf6 35. Re3 Re8 36. Ra7 g5 37. Rd7 gxf4+ 38. Kxf4 Rg8 39. Rxd6+ Ke7 40.
Rh6 Rg4+ 41. Kf5 Rh4 42. Kg5 Rh1 43. Rxh5 Rxb1 44. Rh2 Rg1+ 45. Kf4 Rf1+ 46.
Rf3 Rd1 47. Rh6 Nc2 48. Rc6 Nd4 49. Rxc5 Nxf3 50. Kxf3 Rd3+ 51. Kf4 Rxb3 52.
Rc7+ Kd8 53. Rxf7 Rc3 54. Ke5 Rxc4 55. Kd6 Ke8 56. Re7+ Kf8 57. e5 Ra4 58. Rc7
Ra6+ 59. Kd7 Ra5 60. Ke6 Ra8 61. d6 Ra5 62. Rc8+ Kg7 63. d7 1-0

[Event "2. Bundesliga West 2015/16"]
[Site "Servus Europa Wals"]
[Date "2016.03.04"]
[Round "9"]
[Board "3"]
[White "Besner, Bernhard"]
[Black "Gretz, Denis"]
[Result "0-1"]
[WhiteElo "2211"]
[BlackElo "2073"]
[PlyCount "114"]
[EventDate "2015.10.16"]
[EventType "team"]
[EventRounds "11"]
[EventCountry "AUT"]
[WhiteTeam "ASK Salzburg"]
[BlackTeam "Goetzis 2"]

1. e4 c5 2. c3 Nf6 3. e5 Nd5 4. d4 cxd4 5. Nf3 e6 6. cxd4 b6 7. Nc3 Nxc3 8.
bxc3 Qc7 9. Bd2 d6 10. Bd3 Nd7 11. Qe2 dxe5 12. dxe5 Bb7 13. O-O g6 14. Bb5 Bg7
15. Rfd1 O-O 16. Bxd7 Qxd7 17. Bh6 Qc7 18. Bxg7 Kxg7 19. Nd4 Qxc3 20. Rac1 Qa3
21. Nxe6+ fxe6 22. Rd7+ Rf7 23. Rxf7+ Kxf7 24. Rc7+ Kg8 25. Rxb7 Qc1+ 26. Qf1
Rc8 27. Rd7 Qb2 28. g3 Qxa2 29. Qd1 Rf8 30. Qd4 Qb1+ 31. Kg2 Qc2 32. Rxa7 b5
33. Re7 Qc6+ 34. Kh3 Qf3 35. Rxe6 Qf5+ 36. Qg4 Rb8 37. Qxf5 gxf5 38. Rd6 b4 39.
e6 Kf8 40. Kh4 b3 41. Rd1 b2 42. Rb1 Ke7 43. Kg5 Kxe6 44. f4 Rb5 45. h3 Kf7 46.
h4 Kg7 47. h5 h6+ 48. Kh4 Kf6 49. g4 Rb3 50. g5+ Kg7 51. gxh6+ Kxh6 52. Rg1
b1=Q 53. Rg6+ Kh7 54. Rh6+ Kg7 55. Rg6+ Kf7 56. Ra6 Qh1+ 57. Kg5 Qg2+ 0-1

[Event "2. Bundesliga West 2015/16"]
[Site "Servus Europa Wals"]
[Date "2016.03.04"]
[Round "9"]
[Board "4"]
[White "Scheffknecht, Philipp"]
[Black "Roth, Peter"]
[Result "1/2-1/2"]
[WhiteElo "2152"]
[BlackElo "2119"]
[PlyCount "73"]
[EventDate "2015.10.16"]
[EventType "team"]
[EventRounds "11"]
[EventCountry "AUT"]
[WhiteTeam "Goetzis 2"]
[BlackTeam "ASK Salzburg"]

1. d4 g6 2. c4 Bg7 3. Nc3 c5 4. d5 Bxc3+ 5. bxc3 f5 6. e4 fxe4 7. f3 Qa5 8. Qc2
Nf6 9. fxe4 d6 10. Bd3 Nbd7 11. Nf3 Ng4 12. h3 Nge5 13. Nxe5 Nxe5 14. O-O Bd7
15. Bh6 Rg8 16. Bf4 Qa4 17. Bxe5 Qxc2 18. Bxc2 dxe5 19. a4 Rf8 20. Rxf8+ Kxf8
21. a5 e6 22. Kf2 Ke7 23. Ke3 Rb8 24. Ba4 exd5 25. cxd5 Bxa4 26. Rxa4 Kd6 27.
Ra2 Rf8 28. Rb2 Kc7 29. Rf2 Rxf2 30. Kxf2 c4 31. Ke3 Kd6 32. Kd2 Kc5 33. Kc2
Kb5 34. Kb2 Kxa5 35. Ka3 Kb5 36. Kb2 Kc5 37. Ka3 1/2-1/2

[Event "2. Bundesliga West 2015/16"]
[Site "Servus Europa Wals"]
[Date "2016.03.04"]
[Round "9"]
[Board "5"]
[White "Juergens, Klaus"]
[Black "Bacquele, Fabrice"]
[Result "1-0"]
[WhiteElo "2161"]
[BlackElo "1964"]
[PlyCount "47"]
[EventDate "2015.10.16"]
[EventType "team"]
[EventRounds "11"]
[EventCountry "AUT"]
[WhiteTeam "ASK Salzburg"]
[BlackTeam "Goetzis 2"]

1. Nf3 Nf6 2. c4 e6 3. g3 d5 4. b3 Be7 5. Bg2 O-O 6. O-O d4 7. e3 Nc6 8. exd4
Nxd4 9. Bb2 c5 10. Re1 Rb8 11. Nc3 Nxf3+ 12. Bxf3 b6 13. Nb5 Bb7 14. Nxa7 Bxf3
15. Qxf3 Qxd2 16. Be5 Rbe8 17. Nc6 Qd7 18. Rad1 Qb7 19. Rd3 Kh8 20. Nxe7 Qxf3
21. Rxf3 Rxe7 22. Bd6 Ng8 23. Bxe7 Nxe7 24. Rxe6 1-0

[Event "2. Bundesliga West 2015/16"]
[Site "Servus Europa Wals"]
[Date "2016.03.04"]
[Round "9"]
[Board "6"]
[White "Ferk, Martin"]
[Black "Scheiblmaier, Robert"]
[Result "0-1"]
[WhiteElo "1938"]
[BlackElo "2186"]
[PlyCount "98"]
[EventDate "2015.10.16"]
[EventType "team"]
[EventRounds "11"]
[EventCountry "AUT"]
[WhiteTeam "Goetzis 2"]
[BlackTeam "ASK Salzburg"]

1. d4 d5 2. c4 e6 3. Nc3 c5 4. cxd5 exd5 5. Nf3 Nc6 6. Bf4 Nf6 7. e3 cxd4 8.
Nxd4 Bb4 9. a3 Bxc3+ 10. bxc3 O-O 11. Bd3 Qa5 12. Qd2 Ne4 13. Bxe4 dxe4 14.
Nxc6 bxc6 15. O-O Ba6 16. Rfc1 Rad8 17. Qb2 Rd3 18. Qb4 Qd5 19. c4 Bxc4 20. h3
a5 21. Qb6 a4 22. Qc7 Bb5 23. Be5 Rd2 24. Bd4 f6 25. Rc5 Qe6 26. Rg5 Qf7 27.
Qxf7+ Kxf7 28. Rc5 Rd8 29. Rac1 Ke6 30. Rh5 h6 31. Rh4 R8xd4 32. exd4 Rxd4 33.
f3 f5 34. Re1 Kd5 35. Rh5 Ke6 36. Rh4 Bd3 37. Rc1 Kd5 38. fxe4+ Bxe4 39. Rf4
Rd3 40. Ra1 g5 41. Rf2 f4 42. h4 Kd4 43. hxg5 hxg5 44. Rb2 Rb3 45. Rd2+ Bd3 46.
Rc1 c5 47. Ra2 c4 48. Kf2 c3 49. Kf3 Rb2 0-1

[Event "2. Bundesliga West 2015/16"]
[Site "Servus Europa Wals"]
[Date "2016.03.05"]
[Round "10"]
[Board "2"]
[White "Besner, Bernhard"]
[Black "Lanka, Zigurds"]
[Result "1/2-1/2"]
[WhiteElo "2211"]
[BlackElo "2422"]
[PlyCount "146"]
[EventDate "2015.10.16"]
[EventType "team"]
[EventRounds "11"]
[EventCountry "AUT"]
[WhiteTeam "ASK Salzburg"]
[BlackTeam "Zillertal"]

1. e4 c5 2. c3 Nf6 3. e5 Nd5 4. d4 cxd4 5. Nf3 e6 6. cxd4 d6 7. Bd2 Bd7 8. Bd3
Bc6 9. O-O Nd7 10. Nc3 dxe5 11. dxe5 Nc5 12. Be2 Nxc3 13. Bxc3 a6 14. Nd4 Bd5
15. Bf3 Be7 16. Bxd5 Qxd5 17. Nf3 Qe4 18. Re1 Qg6 19. Qe2 Nd3 20. Red1 Nf4 21.
Qf1 O-O 22. Rd2 Bc5 23. Bd4 Rac8 24. Bxc5 Rxc5 25. Rad1 b5 26. Rd4 Qf5 27. g3
Ng6 28. Qe2 Nxe5 29. Nxe5 Qxe5 30. Qd2 h6 31. Qa5 Rc6 32. a4 Kh7 33. axb5 axb5
34. Qd2 Qf5 35. Qb4 Rfc8 36. Rf4 Qh5 37. Rd7 Rc4 38. Qd2 f5 39. Kg2 Qg6 40.
Rxc4 Rxc4 41. Rb7 f4 42. Qe2 e5 43. Qf3 fxg3 44. hxg3 b4 45. Rb8 Rd4 46. Qa8
Qe6 47. Re8 Qd5+ 48. Qxd5 Rxd5 49. Rb8 Rd4 50. Rb6 e4 51. Kf1 h5 52. Ke2 g6 53.
Ke3 Rd3+ 54. Kxe4 Rb3 55. Kf4 Kh6 56. g4 Rxb2 57. gxh5 Kxh5 58. Rb5+ Kh6 59.
Kf3 b3 60. Kg4 Rb1 61. Kf4 b2 62. Kf3 Kg7 63. Rb6 Kf7 64. Kg2 Ke7 65. Kf3 Kd7
66. Kg2 Kc7 67. Rb5 Kc6 68. Rb8 g5 69. Rb3 Kc5 70. Rb8 Kc4 71. Rc8+ Kb3 72.
Rb8+ Kc3 73. Rc8+ Kd3 1/2-1/2

[Event "2. Bundesliga West 2015/16"]
[Site "Servus Europa Wals"]
[Date "2016.03.05"]
[Round "10"]
[Board "3"]
[White "Hausner, Ivan"]
[Black "Roth, Peter"]
[Result "1-0"]
[WhiteElo "2332"]
[BlackElo "2119"]
[PlyCount "57"]
[EventDate "2015.10.16"]
[EventType "team"]
[EventRounds "11"]
[EventCountry "AUT"]
[WhiteTeam "Zillertal"]
[BlackTeam "ASK Salzburg"]

1. d4 Nf6 2. c4 c5 3. d5 a6 4. a4 (4. Qa4) 4... e6 5. Nc3 exd5 6. cxd5 Bd6 7.
g3 Qe7 8. Bg2 Bc7 9. a5 d6 10. Nf3 Nbd7 11. O-O O-O 12. Nd2 Re8 13. Nc4 Nf8 14.
e4 N6d7 15. f4 f6 16. Na4 Rb8 17. Bd2 b5 18. axb6 Nxb6 19. Naxb6 Bxb6 20. Bc3
Nd7 21. Qh5 Bc7 22. e5 g6 23. Qd1 fxe5 24. fxe5 Nb6 25. exd6 Bxd6 26. Re1 Nxc4
27. Rxe7 Rxe7 28. Qf1 Ne5 29. Qf6 1-0

[Event "2. Bundesliga West 2015/16"]
[Site "Servus Europa Wals"]
[Date "2016.03.05"]
[Round "10"]
[Board "4"]
[White "Juergens, Klaus"]
[Black "Platzgummer, Fabian"]
[Result "1/2-1/2"]
[WhiteElo "2161"]
[BlackElo "2332"]
[PlyCount "38"]
[EventDate "2015.10.16"]
[EventType "team"]
[EventRounds "11"]
[EventCountry "AUT"]
[WhiteTeam "ASK Salzburg"]
[BlackTeam "Zillertal"]

1. Nf3 d5 2. c4 d4 3. b4 a5 4. b5 g6 5. g3 Bg7 6. d3 e5 7. a4 c5 8. bxc6 Nxc6
9. Na3 Nge7 10. Bg2 O-O 11. O-O h6 12. Bd2 Be6 13. Rb1 Qd7 14. Rb5 Nc8 15. c5
N8a7 16. Rb6 Nc8 17. Rb5 N8a7 18. Rb6 Nc8 19. Rb5 N8a7 1/2-1/2

[Event "2. Bundesliga West 2015/16"]
[Site "Servus Europa Wals"]
[Date "2016.03.05"]
[Round "10"]
[Board "5"]
[White "Tabernig, Bernhard"]
[Black "Herrmann, Michael"]
[Result "1-0"]
[WhiteElo "2328"]
[BlackElo "2103"]
[PlyCount "76"]
[EventDate "2015.10.16"]
[EventType "team"]
[EventRounds "11"]
[EventCountry "AUT"]
[WhiteTeam "Zillertal"]
[BlackTeam "ASK Salzburg"]

1. d4 d5 2. c4 c6 3. Nc3 Nf6 4. Nf3 a6 5. a4 e6 6. g3 a5 7. Bg2 Na6 8. O-O Be7
9. Ne5 Nb4 10. e4 O-O 11. Bg5 Qc7 12. Rc1 Rd8 13. Bf4 Qb6 14. exd5 exd5 15. c5
Qa7 16. Re1 Re8 17. g4 Be6 18. g5 Nd7 19. g6 hxg6 20. Nxg6 Bf6 21. Ne5 Nxe5 22.
Bxe5 Bxe5 23. Rxe5 Bd7 24. Rg5 Qb8 25. Qd2 Qc7 26. Kh1 Re6 27. Rg1 g6 28. Nd1
Kg7 29. Ne3 Rf6 30. Re5 Rh8 31. Nf1 Rh4 32. Ng3 Rhf4 33. f3 Rh4 34. Qg5 Rh8 35.
Bf1 Rxf3 36. Nh5+ Kf8 37. Qe7+ Kg8 38. Reg5 Kh7 1-0

[Event "2. Bundesliga West 2015/16"]
[Site "Servus Europa Wals"]
[Date "2016.03.05"]
[Round "10"]
[Board "6"]
[White "Usleber, Helmut"]
[Black "Schiestl, Josef"]
[Result "1-0"]
[WhiteElo "2007"]
[BlackElo "2128"]
[PlyCount "61"]
[EventDate "2015.10.16"]
[EventType "team"]
[EventRounds "11"]
[EventCountry "AUT"]
[WhiteTeam "ASK Salzburg"]
[BlackTeam "Zillertal"]

1. e4 c5 2. Nf3 e6 3. d4 cxd4 4. Nxd4 a6 5. Nc3 Qc7 6. f4 b5 7. a3 Bb7 8. Bd3
Nc6 9. Nxc6 Bxc6 10. Qe2 Be7 11. Bd2 d6 12. O-O-O Nf6 13. g4 d5 14. e5 Nd7 15.
Rhe1 Rc8 16. Na2 Nc5 17. Bb4 O-O 18. Bxc5 Bxc5 19. f5 a5 20. Qd2 Bd4 21. Qf4
Bc5 22. f6 gxf6 23. Qh6 f5 24. Qg5+ Kh8 25. Qf6+ Kg8 26. gxf5 Qa7 27. Qg5+ Kh8
28. Qf6+ Kg8 29. Re2 Rfe8 30. Qh6 Bf8 31. Rg2+ 1-0

[Event "2. Bundesliga West 2015/16"]
[Site "Servus Europa Wals"]
[Date "2016.03.05"]
[Round "10"]
[Board "1"]
[White "Berchtenbreiter, Maximilian"]
[Black "Bertagnolli, Alexander"]
[Result "1-0"]
[WhiteElo "2384"]
[BlackElo "2343"]
[PlyCount "81"]
[EventDate "2015.10.16"]
[EventType "team"]
[EventRounds "11"]
[EventCountry "AUT"]
[WhiteTeam "SPG Voels/HAK/HAS Innsbruck"]
[BlackTeam "Kufstein/Woergl"]

1. d4 Nf6 2. Nf3 e6 3. Bf4 b6 4. e3 Bb7 5. Bd3 d5 6. Nbd2 Bd6 7. Bg3 Nbd7 8.
Ne5 Bxe5 9. dxe5 Ne4 10. Bxe4 dxe4 11. Qg4 Qe7 12. Bh4 f5 13. exf6 gxf6 14.
O-O-O Qf7 15. Nxe4 O-O-O 16. f3 Rhg8 17. Qh3 Bxe4 18. fxe4 Qh5 19. Qxe6 Qxh4
20. Rxd7 Rxd7 21. Qxg8+ Kb7 22. Qe6 Rd6 23. Qf5 a5 24. a3 Qh6 25. Qf3 Rc6 26.
Kb1 b5 27. h4 b4 28. a4 Qf8 29. Qf5 Rc5 30. Qxh7 Qe8 31. e5 Rxe5 32. h5 f5 33.
Qg7 Rxe3 34. h6 Qe4 35. Qd7 b3 36. Qb5+ Kc8 37. Qxa5 Qxc2+ 38. Ka1 Qe2 39. Qa6+
Kd7 40. Qxe2 Rxe2 41. h7 1-0

[Event "2. Bundesliga West 2015/16"]
[Site "Servus Europa Wals"]
[Date "2016.03.05"]
[Round "10"]
[Board "2"]
[White "Levushkina, Elena"]
[Black "Nuber, Blasius"]
[Result "1/2-1/2"]
[WhiteElo "2299"]
[BlackElo "2349"]
[PlyCount "80"]
[EventDate "2015.10.16"]
[EventType "team"]
[EventRounds "11"]
[EventCountry "AUT"]
[WhiteTeam "Kufstein/Woergl"]
[BlackTeam "SPG Voels/HAK/HAS Innsbruck"]

1. e4 e5 2. Nf3 Nc6 3. Bb5 a6 4. Ba4 Nf6 5. O-O Be7 6. d3 b5 7. Bb3 d6 8. a4
Bg4 9. c3 O-O 10. h3 Bd7 11. Re1 Na5 12. Bc2 c5 13. Nbd2 Qc7 14. Nf1 h6 15. Ne3
Rfe8 16. Nh2 c4 17. Nhf1 Bf8 18. dxc4 bxc4 19. Qf3 Rab8 20. Ng3 Nb3 21. Bxb3
Rxb3 22. Ngf5 Bxf5 23. Nxf5 Re6 24. Ne3 Re8 25. Nf5 Re6 26. Ne3 Re8 27. Rd1 Rc8
28. Nd5 Nxd5 29. Rxd5 Qb7 30. Qg4 Rc6 31. Qe2 Rc7 32. Qg4 Qc8 33. Qg3 Rc5 34.
Rxc5 Qxc5 35. Qf3 Qc6 36. Kh2 Be7 37. Qe2 Bd8 38. Qg4 Kh7 39. Qf5+ Kg8 40. Qg4
Kh7 1/2-1/2

[Event "2. Bundesliga West 2015/16"]
[Site "Servus Europa Wals"]
[Date "2016.03.05"]
[Round "10"]
[Board "3"]
[White "Heinrich, Thomas"]
[Black "Koepke, Christian"]
[Result "0-1"]
[WhiteElo "2144"]
[BlackElo "2322"]
[PlyCount "48"]
[EventDate "2015.10.16"]
[EventType "team"]
[EventRounds "11"]
[EventCountry "AUT"]
[WhiteTeam "SPG Voels/HAK/HAS Innsbruck"]
[BlackTeam "Kufstein/Woergl"]

1. e4 Nf6 2. Nc3 d5 3. exd5 Nxd5 4. Nxd5 Qxd5 5. Qf3 Qc5 6. Qc3 Qxc3 7. dxc3
Nc6 8. Be3 Bg4 9. f3 Bd7 10. O-O-O e5 11. Bb5 Bd6 12. Nh3 a6 13. Ba4 f5 14.
Rhe1 O-O-O 15. Ng5 Na5 16. Bxd7+ Rxd7 17. Rd3 Nc4 18. b3 Nxe3 19. Rexe3 e4 20.
Rxd6 cxd6 21. fxe4 h6 22. Nf3 Re8 23. e5 dxe5 24. Rxe5 Rxe5 0-1

[Event "2. Bundesliga West 2015/16"]
[Site "Servus Europa Wals"]
[Date "2016.03.05"]
[Round "10"]
[Board "4"]
[White "Rusche, Johannes"]
[Black "Hajdarevic, Dino"]
[Result "1-0"]
[WhiteElo "2274"]
[BlackElo "2135"]
[PlyCount "81"]
[EventDate "2015.10.16"]
[EventType "team"]
[EventRounds "11"]
[EventCountry "AUT"]
[WhiteTeam "Kufstein/Woergl"]
[BlackTeam "SPG Voels/HAK/HAS Innsbruck"]

1. e4 g6 2. d4 Bg7 3. Nc3 c6 4. Nf3 d5 5. Bd3 dxe4 6. Nxe4 Nh6 7. O-O O-O 8. c3
Nf5 9. Re1 Nd7 10. Qe2 Nf6 11. Ned2 Re8 12. Nc4 Nd6 13. Nce5 h6 14. a4 a5 15.
Qc2 Rb8 16. Bf4 Bf5 17. Bxf5 Nxf5 18. Nc4 Ra8 19. Qb3 Ra7 20. Rad1 Nd5 21. Be5
f6 22. g4 fxe5 23. dxe5 Qc8 24. Nb6 Qe6 25. Nxd5 cxd5 26. gxf5 Qxf5 27. Qxd5+
Kh7 28. e6 Qg4+ 29. Kh1 Rd8 30. Qxd8 Qxf3+ 31. Kg1 Qg4+ 32. Kf1 Qh3+ 33. Ke2
Ra6 34. Rd3 Rxe6+ 35. Kd2 Qf5 36. Rxe6 Qxe6 37. Qd5 Qf6 38. Rf3 Qh4 39. Qxb7
Qxa4 40. Qxe7 Qb5 41. Kc1 1-0

[Event "2. Bundesliga West 2015/16"]
[Site "Servus Europa Wals"]
[Date "2016.03.05"]
[Round "10"]
[Board "5"]
[White "Georgiev, Georgi"]
[Black "Kranewitter, Norbert"]
[Result "1/2-1/2"]
[WhiteElo "2107"]
[BlackElo "2049"]
[PlyCount "120"]
[EventDate "2015.10.16"]
[EventType "team"]
[EventRounds "11"]
[EventCountry "AUT"]
[WhiteTeam "SPG Voels/HAK/HAS Innsbruck"]
[BlackTeam "Kufstein/Woergl"]

1. d4 Nf6 2. Nf3 e6 3. g3 b6 4. Bg2 Bb7 5. O-O c5 6. c4 Be7 7. Nc3 cxd4 8. Qxd4
O-O 9. Bf4 d6 10. Qd2 a6 11. Rfd1 Qc8 12. Rac1 Rd8 13. Na4 Nbd7 14. Qb4 a5 15.
Qa3 Ne4 16. b3 Bf8 17. Qb2 Bc6 18. Nd4 Bb7 19. Nb5 e5 20. Be3 Qc6 21. Nbc3 f5
22. Nd5 Ra6 23. Qb1 b5 24. cxb5 Qxb5 25. Nc7 Qxe2 26. Nxa6 Qxa6 27. Qd3 Ndf6
28. f3 f4 29. Qxa6 Bxa6 30. gxf4 exf4 31. Bxf4 Nh5 32. Be3 Nef6 33. Bb6 Re8 34.
Re1 Nf4 35. Rxe8 Nxe8 36. Bf1 Bb7 37. Kf2 Be7 38. Be2 Bh4+ 39. Kf1 Nf6 40. Nc3
Bc8 41. Kg1 Kf8 42. Bf1 Bb7 43. Ne4 Nxe4 44. fxe4 Bxe4 45. Bxa5 Bg5 46. Rc8+
Kf7 47. Rc7+ Kg6 48. Bc3 Ne6 49. Rxg7+ Nxg7 50. Kf2 Nf5 51. b4 d5 52. Be5 Be3+
53. Ke1 d4 54. a4 d3 55. Bc3 Nd4 56. Bxd4 Bxd4 57. Kd2 Be5 58. Bxd3 Bxd3 59.
Kxd3 Bxh2 60. Ke4 Bg1 1/2-1/2

[Event "2. Bundesliga West 2015/16"]
[Site "Servus Europa Wals"]
[Date "2016.03.05"]
[Round "10"]
[Board "6"]
[White "Anibas, Juergen"]
[Black "Niedermeier, Thomas"]
[Result "0-1"]
[WhiteElo "1955"]
[BlackElo "2194"]
[PlyCount "98"]
[EventDate "2015.10.16"]
[EventType "team"]
[EventRounds "11"]
[EventCountry "AUT"]
[WhiteTeam "Kufstein/Woergl"]
[BlackTeam "SPG Voels/HAK/HAS Innsbruck"]

1. d4 Nf6 2. Nf3 g6 3. c4 Bg7 4. Nc3 d6 5. Bg5 h6 6. Bh4 g5 7. Bg3 Nh5 8. e3
Nd7 9. Qc2 c5 10. d5 a6 11. Be2 Qa5 12. Nd2 Nxg3 13. hxg3 Ne5 14. O-O Bd7 15.
f4 gxf4 16. gxf4 Ng4 17. Bxg4 Bxg4 18. Rac1 O-O-O 19. a3 Kb8 20. Nf3 Rhg8 21.
Rf2 e6 22. Qd3 Bf5 23. e4 Bg4 24. Kh1 Qc7 25. b4 Qe7 26. bxc5 dxc5 27. e5 f6
28. d6 Qf7 29. Qe4 Bxf3 30. Rxf3 fxe5 31. fxe5 Qh5+ 32. Rh3 Qf5 33. Rb1 Qxe4
34. Nxe4 Bxe5 35. Rxh6 Rh8 36. Rh3 Ka7 37. Rf1 b5 38. Rf7+ Kb6 39. cxb5 axb5
40. Rhh7 Rxh7+ 41. Rxh7 c4 42. g4 Rh8 43. Rxh8 Bxh8 44. a4 bxa4 45. d7 Kc7 46.
Nc5 a3 47. d8=Q+ Kxd8 48. Nxe6+ Kc8 49. Nc5 a2 0-1

[Event "2. Bundesliga West 2015/16"]
[Site "Servus Europa Wals"]
[Date "2016.03.05"]
[Round "10"]
[Board "1"]
[White "Eybl, Alexander"]
[Black "Graf, Felix"]
[Result "1/2-1/2"]
[WhiteElo "2240"]
[BlackElo "2478"]
[PlyCount "62"]
[EventDate "2015.10.16"]
[EventType "team"]
[EventRounds "11"]
[EventCountry "AUT"]
[WhiteTeam "Pradl"]
[BlackTeam "Bregenz"]

1. c4 c6 2. e4 e5 3. Nf3 d6 4. d4 Bg4 5. Be2 Be7 6. Nc3 Na6 7. O-O Bxf3 8. Bxf3
exd4 9. Qxd4 Bf6 10. Qd2 Qc7 11. b3 Ne7 12. Bb2 Nc5 13. Rad1 Rd8 14. g3 h5 15.
Ne2 Bxb2 16. Qxb2 Ne6 17. Nd4 Ng5 18. h4 Nxf3+ 19. Nxf3 O-O 20. Ng5 Qc8 21. Kh2
f6 22. Nh3 Qg4 23. f3 Qe6 24. Nf4 Qf7 25. Qa3 Nc8 26. Qa5 Rde8 27. Qxh5 Qxh5
28. Nxh5 f5 29. exf5 Re2+ 30. Kh3 Rxf5 31. Nf4 Rxa2 1/2-1/2

[Event "2. Bundesliga West 2015/16"]
[Site "Servus Europa Wals"]
[Date "2016.03.05"]
[Round "10"]
[Board "2"]
[White "Jorczik, Julian"]
[Black "Matt, Stefan"]
[Result "1-0"]
[WhiteElo "2385"]
[BlackElo "2094"]
[PlyCount "139"]
[EventDate "2015.10.16"]
[EventType "team"]
[EventRounds "11"]
[EventCountry "AUT"]
[WhiteTeam "Bregenz"]
[BlackTeam "Pradl"]

1. d4 Nf6 2. Nf3 g6 3. c4 d5 4. g3 Bg7 5. Bg2 O-O 6. O-O c5 7. dxc5 dxc4 8. Na3
Qc7 9. Qd4 Nc6 10. Qxc4 Bg4 11. Bf4 e5 12. Nb5 Qe7 13. Bg5 e4 14. Nfd4 Nxd4 15.
Nxd4 Rac8 16. Rac1 Qe5 17. Bf4 Qh5 18. f3 Bd7 19. Kh1 Rfd8 20. Bd6 Bh3 21. Bxh3
Qxh3 22. Nb5 a6 23. Nc7 Rd7 24. Nd5 Nxd5 25. Qxd5 Bxb2 26. Rb1 Ba3 27. Qxe4
Bxc5 28. Bxc5 Rxc5 29. g4 Rcd5 30. Kg1 Qh4 31. Rxb7 Rxb7 32. Qxd5 Qe7 33. Rf2
Rb1+ 34. Kg2 Qa3 35. Qd8+ Kg7 36. Qd4+ Kg8 37. Qd8+ Kg7 38. Qd4+ Kg8 39. e4 Qc1
40. Qd8+ Kg7 41. Qd4+ Kg8 42. e5 Qg1+ 43. Kh3 Rd1 44. Qb6 Qe1 45. Qb2 Rd3 46.
Kg2 Re3 47. Qb6 Rxe5 48. Qxa6 Kg7 49. Qc4 h5 50. h3 Qa1 51. Rd2 Re1 52. Qc5
hxg4 53. hxg4 Qf6 54. Kg3 Rh1 55. Qd4 Qxd4 56. Rxd4 g5 57. Rd6 Ra1 58. Ra6 Kh7
59. Kf2 Kg7 60. Ke3 Re1+ 61. Kd4 Rb1 62. a4 Rb4+ 63. Ke3 Rb3+ 64. Kd4 f6 65. a5
Rb4+ 66. Ke3 Rb3+ 67. Kf2 Ra3 68. Ra8 f5 69. gxf5 Kf6 70. a6 1-0

[Event "2. Bundesliga West 2015/16"]
[Site "Servus Europa Wals"]
[Date "2016.03.05"]
[Round "10"]
[Board "3"]
[White "Lins, Philipp"]
[Black "Weindl, Alfred"]
[Result "0-1"]
[WhiteElo "2044"]
[BlackElo "2331"]
[PlyCount "134"]
[EventDate "2015.10.16"]
[EventType "team"]
[EventRounds "11"]
[EventCountry "AUT"]
[WhiteTeam "Pradl"]
[BlackTeam "Bregenz"]

1. Nf3 d6 2. d4 Nf6 3. c4 g6 4. g3 Bg7 5. Bg2 O-O 6. Nc3 c6 7. O-O Qa5 8. Qc2
Qh5 9. b3 Bh3 10. Bxh3 Qxh3 11. Ng5 Qc8 12. Kg2 b5 13. cxb5 cxb5 14. Qd3 Qb7+
15. f3 b4 16. Na4 Qa6 17. Qxa6 Nxa6 18. Bd2 Rfc8 19. Rac1 Bh6 20. Kf2 Nd5 21.
Ne4 Bxd2 22. Nxd2 Nc3 23. Nb2 Rc7 24. a4 bxa3 25. Nbc4 Nb5 26. Ra1 Nb4 27. Nxa3
Nxd4 28. Nac4 Nxb3 29. Nb6 Rb8 30. Nxb3 Rxb6 31. Nd2 f5 32. Rfd1 Kf7 33. f4 h6
34. Ra5 a6 35. h4 Kf6 36. e4 Rc4 37. Ke3 Rc3+ 38. Kf2 Nc6 39. Ra2 Nb4 40. Ra5
h5 41. e5+ dxe5 42. fxe5+ Kg7 43. Nf3 Nc6 44. Ra2 Rbb3 45. Nd2 Ra3 46. Rxa3
Rxa3 47. Nf3 Ra5 48. Re1 Rc5 49. Re3 a5 50. Ke2 a4 51. Kd2 a3 52. Rxa3 Nxe5 53.
Nd4 Nc4+ 54. Kd3 Nxa3 55. Ne6+ Kf6 56. Nxc5 Nb5 57. Ke3 Nd6 58. Nd7+ Ke6 59.
Nf8+ Kf7 60. Nd7 Ne4 61. Kf4 Kg7 62. Ne5 Nc5 63. Ke3 Kf6 64. Kd4 Ne4 65. Nd7+
Kf7 66. Ne5+ Kg7 67. Nc6 Kf6 0-1

[Event "2. Bundesliga West 2015/16"]
[Site "Servus Europa Wals"]
[Date "2016.03.05"]
[Round "10"]
[Board "4"]
[White "Dobosz, Henryk"]
[Black "Praxmarer, Christian"]
[Result "1-0"]
[WhiteElo "2389"]
[BlackElo "1992"]
[PlyCount "83"]
[EventDate "2015.10.16"]
[EventType "team"]
[EventRounds "11"]
[EventCountry "AUT"]
[WhiteTeam "Bregenz"]
[BlackTeam "Pradl"]

1. c4 e6 2. Nc3 Bb4 3. e4 b6 4. Nf3 Bb7 5. Bd3 Na6 6. Bc2 Qe7 7. O-O Nh6 8. d4
Bxc3 9. bxc3 O-O-O 10. a4 f6 11. a5 g5 12. Bd3 c5 13. axb6 axb6 14. e5 Rdg8 15.
Qb3 Qd8 16. Be3 Ng4 17. Rfb1 Nxe3 18. fxe3 g4 19. Nd2 g3 20. Be4 gxh2+ 21. Kh1
fxe5 22. Bxb7+ Kxb7 23. Qa4 exd4 24. Qxa6+ Kc6 25. cxd4 Rxg2 26. d5+ exd5 27.
cxd5+ Kd6 28. Qxb6+ Qxb6 29. Rxb6+ Kc7 30. Nc4 Rg1+ 31. Rxg1 hxg1=Q+ 32. Kxg1
Rb8 33. Rxb8 Kxb8 34. e4 Kb7 35. e5 Kc7 36. Kg2 Kd8 37. Kg3 Ke7 38. Kg4 Kf7 39.
Kh5 Kf8 40. Kh6 Kg8 41. Nd6 Kh8 42. e6 1-0

[Event "2. Bundesliga West 2015/16"]
[Site "Servus Europa Wals"]
[Date "2016.03.05"]
[Round "10"]
[Board "5"]
[White "Niedermair, Hannes"]
[Black "Bezler, Rainer"]
[Result "0-1"]
[WhiteElo "1990"]
[BlackElo "2215"]
[PlyCount "64"]
[EventDate "2015.10.16"]
[EventType "team"]
[EventRounds "11"]
[EventCountry "AUT"]
[WhiteTeam "Pradl"]
[BlackTeam "Bregenz"]

1. b3 d5 2. Bb2 Nf6 3. e3 e6 4. f4 Be7 5. Nf3 O-O 6. d3 b5 7. Ne5 Bb7 8. Nd2
Nbd7 9. Ndf3 c5 10. Be2 a5 11. Nxd7 Nxd7 12. O-O a4 13. bxa4 Rxa4 14. c4 Qa5
15. cxb5 Rxa2 16. Qb3 Ra8 17. Rxa2 Qxa2 18. Qc3 Bf6 19. Ne5 Bxe5 20. fxe5 Qa4
21. d4 c4 22. Ra1 Qxb5 23. Rxa8+ Bxa8 24. Qa3 Bc6 25. Bc3 Qb3 26. Qa5 Qb6 27.
Qa3 h6 28. Kf2 Qb3 29. Qa5 Qc2 30. Qd8+ Kh7 31. Bb4 c3 32. Qc7 Bb5 0-1